Computational fluid dynamics (Record no. 2125)

000 -LEADER
fixed length control field 00621nam a2200217 a 4500
001 - CONTROL NUMBER
control field 2125
003 - CONTROL NUMBER IDENTIFIER
control field BD-DhUET
008 - FIXED-LENGTH DATA ELEMENTS--GENERAL INFORMATION
fixed length control field 940517s1995 nyua b 001 0 eng
020 ## - INTERNATIONAL STANDARD BOOK NUMBER
International Standard Book Number 0071132104
040 ## - CATALOGING SOURCE
Original cataloging agency DLC
Transcribing agency DLC
Modifying agency BD-DhUET
082 00 - DEWEY DECIMAL CLASSIFICATION NUMBER
Classification number 532.050285
Item number AND/1995
100 ## - MAIN ENTRY--PERSONAL NAME
Personal name Anderson, John D.
245 10 - TITLE STATEMENT
Title Computational fluid dynamics
Remainder of title the basics with applications
250 ## - EDITION STATEMENT
Edition statement 1st ed.
260 ## - PUBLICATION, DISTRIBUTION, ETC. (IMPRINT)
Place of publication, distribution, etc. New York
Name of publisher, distributor, etc. McGraw-Hill
Date of publication, distribution, etc. 1995
300 ## - PHYSICAL DESCRIPTION
Extent xxiv, 547 p.
490 1# - SERIES STATEMENT
Series statement McGraw-Hill series in mechanical engineering
504 ## - BIBLIOGRAPHY, ETC. NOTE
Bibliography, etc Includes bibliographies
650 #0 - SUBJECT ADDED ENTRY--TOPICAL TERM
Topical term or geographic name as entry element Fluid dynamics-Data processing
942 ## - ADDED ENTRY ELEMENTS (KOHA)
Koha item type General Book
Holdings
Koha out on loan Date acquired Koha date last borrowed Source of classification or shelving scheme Damaged status Koha item type Koha normalized classification for sorting Shelving location Copy number Koha issues (times borrowed) Withdrawn status Location (home branch) Koha full call number Price effective from Koha date last seen Piece designation (barcode) Sublocation or collection (holding branch) Lost status Not for loan
2019-02-282014-09-202018-02-28  General Book532_000000000000000_050285AND1Circulation section11 Central Library, BUET532.050285/AND/19952014-09-202018-02-28103357Central Library, BUET  
 2014-09-202023-08-12  General Book532_000000000000000_050285AND1Circulation section23 Central Library, BUET532.050285/AND/19952014-09-202023-08-26103359Central Library, BUET  
 2015-02-042015-03-23  General Book532_050285000000000_AND_1995Circulation section36 Central Library, BUET532.050285/AND/19952015-02-042015-07-29103361Central Library, BUET  
 2015-06-08   Reading Item532_050285000000000_AND_1995Reading section4  Central Library, BUET532.050285/AND/19952015-06-082015-06-0895199Central Library, BUET  
2020-06-152016-09-252019-06-16  General Book532_050285000000000_AND_1995Circulation section51 Central Library, BUET532.050285/AND/19952016-09-252019-06-16114592Central Library, BUET  
 2016-09-25   General Book532_050285000000000_AND_1995Circulation section2  Central Library, BUET532.050285/AND/19952016-09-252016-09-25114593Central Library, BUET  
 2007-05-07   General Book532_050285000000000_AND_1995Circulation section6  Central Library, BUET532.050285/AND/19952017-10-312017-10-31103360Central Library, BUET